| 000 | | | 04643cbm0a2200313#x 450 |
| 001 | | | 7d6da1d7-c804-452f-8da7-9805a9a3d5ab |
| 005 | | | 20250506151559.0 |
| 100 | ## | $a | 20250506j19450505k###0rusy50 ca |
| 101 | 0# | $a | rus |
| 102 | ## | $a | RU |
| 105 | ## | $a | y###z######## |
| 122 | 0# | $a | d19450505## |
| 200 | 1# | $a | Постановление Политбюро ЦК ВКП(б) "О приглашении зарубежных ученых на празднование 220-летия Академии наук СССР" |
| | $j | 5 мая 1945 г. |
| 251 | ## | $c | Документ |
| 300 | ## | $a | Подлинник |
| 461 | #0 | $1 | 2001 |
| | $a | Ф. 17 |
| | $1 | 251 |
| | $c | Фонд |
| | $1 | 852 |
| | $j | 17 |
| 462 | #0 | $1 | 2001 |
| | $a | Оп. 163 |
| | $1 | 251 |
| | $c | Опись |
| | $1 | 852 |
| | $j | 163 |
| 462 | #0 | $1 | 2001 |
| | $a | Д. 1446 |
| | $v | Л. 53 |
| | $1 | 251 |
| | $c | Дело |
| | $1 | 852 |
| | $j | 1446 |
| 601 | 02 | $2 | nlr_sh1 |
| | $3 | RU\NLR\AUTH\6621445 |
| | $a | Академия наук СССР |
| | $x | Годовщины |
| | $z | 1945 |
| | $j | Документы и материалы |
| 605 | ## | $2 | prlib_sh |
| | $3 | LIBNET\UAF\0000088514 |
| | $a | Вторая мировая война в архивных документах (Комплекс оцифрованных архивных документов, кино- и фотоматериалов) |
| | $l | коллекция |
| 605 | ## | $2 | acquisition_Prlib |
| | $3 | DITM\AF\0000002775 |
| | $a | Власть |
| | $l | коллекция |
| 605 | ## | $2 | acquisition_Prlib |
| | $3 | DITM\AF\0000003834 |
| | $a | Народ |
| | $l | коллекция |
| 686 | ## | $a | 63.3(2)622-3ю1 |
| | $v | LBC/M |
| | $2 | rubbk |
| 686 | ## | $a | 72.471.1(2)м8ю1 |
| | $v | LBC/M |
| | $2 | rubbk |
| 801 | #0 | $a | RU |
| | $b | ПБ им. Б.Н. Ельцина |
| | $c | 20250506 |
| 801 | #1 | $a | RU |
| | $b | ПБ им. Б.Н. Ельцина |
| | $c | 20250506 |
| | $2 | rusmarc |
| 801 | #2 | $a | RU |
| | $b | ПБ им. Б.Н. Ельцина |
| | $c | 20250506 |
| | $2 | rusmarc |
| 850 | ## | $a | Российский государственный архив социально-политической истории |
| 852 | ## | $a | РГАСПИ |
| | $j | Л. 53 |
| 035 | ## | $a | LIBNET\0001471924 |
| 937 | ## | $d | 196714070 |
| | $h | Федеральное архивное агентство |
| 856 | 4# | $u | http://readingroom.main.prlib.ru/item.aspx?id_node=n196714070&mode=full |